| 000 | 00753nam a22002537a 4500 | ||
|---|---|---|---|
| 001 | 70102 | ||
| 003 | UA-OsUOA | ||
| 005 | 20230922122553.0 | ||
| 007 | ta | ||
| 008 | 20100827b un ||||| |||| 00| 0 ukr d | ||
| 020 | _a5308013713 | ||
| 040 |
_aUA-OsUOA _bukr _cUA-OsUOA _dUA-OsUOA |
||
| 041 | _aukr | ||
| 080 | _a94(477).04 | ||
| 090 |
_a94(477).04 _bА76 |
||
| 100 | _aАпанович О. | ||
| 245 |
_aРозповіді про запорозьких козаків _cОлена Апанович |
||
| 260 |
_aК. _bДніпро _c1991 |
||
| 300 | _a335 с. | ||
| 650 | 7 |
_a9 Географія. Біографії. Історія _2UDC |
|
| 942 |
_cBK _2udc |
||
| 955 | _a3 | ||
| 999 |
_c356222 _d356222 |
||